Call my Bluff - Z Quiz Stats

 Plays Quiz not verified by Sporcle

Challenge
Share
Tweet
Embed
Score 0/10 Timer 06:00
0 Plays Today
Question Answer Wrong Answers
zabra a small Spanish coastal vessel
56%
a strap-less, back-less bra
7.8%
a striped African antelope
16.3%
the Portuguese word for abracadabra
19.1%
zaptieh a Turkish policeman
51.1%
biblical heroine who helped John the Baptist
18.4%
an ultra-violet, insect-killing device
12.1%
a nonsense word from a music-hall song
15.6%
zorro a S. American fox, or fox-like wild dog
48.2%
the pen-name of a popular Spanish children's author
20.6%
a famous Mexican cartoonist
7.1%
a Brazilian doughnut-style cake
11.3%
zingel a fish of the perch family, found in the Danube
41.8%
the smallest orchestral instrument (belonging to the percussion section)
22%
analgesic gel, much favoured by sportsmen and -women
14.2%
a fizzing noise
11.3%
zarf an ornamental holder for a hot coffee-cup (Ar.)
39.7%
a scarf, with a hood attached
12.8%
a variety of sturgeon, prized for its pink roe
27.7%
to retch, without actually being sick
12.1%
zugzwang a blockade position in chess
36.2%
one of the highest mountains in the Swiss alps
13.5%
compulsory franking of train tickets in Germany and Austria
16.3%
a tongue-twister
17.7%
zucchetto an ecclesiastical skullcap, covering the tonsure
35.5%
a variety of dwarf courgette
27%
Pinocchio's father
4.3%
a candy lollipop, sold in fairground booths
17.7%
zein a protein found in Indian corn
33.3%
a form of protest, in which the protesters occupy a building and sleep
8.5%
craziness
7.1%
infinitive of the verb 'to be' in German
43.3%
zonda a hot, dry wind, blowing from the Andes
31.9%
a fabled land in the novels of H. Rider Haggard
12.8%
a large, Venetian canal-barge
29.1%
a S. American constrictor
12.8%
zythum beer made by the ancient Egyptians
26.2%
a zither-player
12.1%
a by-product of photosythesis
39%
there's rhythm, then there's zythum: off the beat
7.1%

You're not logged in!

Compare scores with friends on all Sporcle quizzes.
OR
Log In

You Might Also Like...

Show Comments

Extras

Top Quizzes Today


Score Distribution

Your Account Isn't Verified!

In order to create a playlist on Sporcle, you need to verify the email address you used during registration. Go to your Sporcle Settings to finish the process.

Report this User

Report this user for behavior that violates our Community Guidelines.

Details: